Geometric asymptotics /

Guardado en:
Autor Principal: Guillemin, Victor, 1937-
Otros Autores: Sternberg, Shlomo.
Formato: Libro
Idioma:English
Publicado: Providence, R.I. : American Mathematical Society, 1977.
Series:Mathematical surveys ; no. 14
Materias:
Etiquetas: Agregar Etiqueta
Sin Etiquetas, Sea el primero en etiquetar este registro!
LEADER 00868cam a22002535a 4500
001 MAT.inmabb003000
008 770429s1977####riua#####b####001#0#eng##
005 20170605130410.0
245 1 0 |a Geometric asymptotics /  |c by Victor Guillemin and Shlomo Sternberg. 
260 |a Providence, R.I. :  |b American Mathematical Society,  |c 1977. 
300 |a xviii, 474 p. :  |b il. ;  |c 26 cm. 
440 0 |a Mathematical surveys ;  |v no. 14 
504 |a Incluye referencias bibliográficas e índice. 
510 4 |a MR,  |c 58 #24404 
020 |a 0821815148 
100 1 |a Guillemin, Victor,  |d 1937- 
700 1 |a Sternberg, Shlomo. 
650 0 |a Geometry, Differential. 
650 0 |a Asymptotic expansions. 
650 0 |a Geometrical optics. 
084 |a 58G15 (35C99 41A60 47G05 58F05 78.58)  |2 MR 
010 |a  77008210  
040 |a DLC  |c DLC  |d DLC 
859 |h 58  |i G958  |p A-4724  |b BIB. MATEMATICA